| 000 | 00533nam a2200193Ia 4500 | ||
|---|---|---|---|
| 005 | 20250508151021.0 | ||
| 008 | 008 250505s9999 xx 000 0 eng d | ||
| 037 | _aTextual | ||
| 040 |
_aFEDL _beng _cFEDL |
||
| 041 |
_aeng _2eng |
||
| 084 |
_a921, THO _qFEDL |
||
| 100 | _aThomas Henry | ||
| 245 | 0 | _aLiving biographies of great philosophers | |
| 260 |
_aNew York, USA _bPerma Giants _c1950 |
||
| 300 | _aviii,335p | ||
| 700 |
_a Thomas Dana Lee _9758201 |
||
| 942 |
_cTEXL _h921, THO |
||
| 999 |
_c1327078 _d1327078 |
||